00305nam a2200121Ia 4500008004100000041000800041082001700049100002000066245002200086260003400108300003000142365001100172240624s9999 xx 000 0 und d aeng a891.4608 DES aDESHMUKH SUJATA aI TOO HAD A DREAM c2007aPunebRajhans Prakashan aix, : 218 : p. : cm. ; 21 cRSb20